00298nam a2200097Ia 45000010005000000080041000050820017000461000076000632450040001392600021001791788241024s9999 xx 000 0 und d aRD/700/R426c aRepública Dominicana. Secretaría de Estado de Educación y Cultura 0aCuadernos de Arte 4. Artes Visuales bEd. Tallerc1997